Методические и библиографические материалы Волгоградской ОУНБ им. Горького, изданные... ... в 2007 году, вып. 1 (Запись № 1303908)

Подробности
000 -МАРКЕР
контрольное поле 01693nam2a2200265 4500
001 - ИДЕНТИФИКАТОР ЗАПИСИ
контрольное поле RU\NLR\bibl\1724032
005 - ИДЕНТИФИКАТОР ВЕРСИИ
контрольное поле 20260405140028.0
035 ## - ДРУГИЕ СИСТЕМНЫЕ НОМЕРА
Идентификатор записи (NLR Aleph) 001715010
100 ## - ДАННЫЕ ОБЩЕЙ ОБРАБОТКИ
Данные общей обработки 20110118d2008 |||y0rusy50 ca
101 0# - ЯЗЫК РЕСУРСА
Язык текста, звукозаписи и т.д. русский
102 ## - СТРАНА ПУБЛИКАЦИИ ИЛИ ПРОИЗВОДСТВА
Страна публикации Российская Федерация
105 ## - ПОЛЕ КОДИРОВАННЫХ ДАННЫХ: ТЕКСТОВЫЕ МАТЕРИАЛЫ, МОНОГРАФИЧЕСКИЕ
Кодированные данные о монографическом текстовом документе y |||||||||
200 0# - ЗАГЛАВИЕ И СВЕДЕНИЯ ОБ ОТВЕТСТВЕННОСТИ
Основное заглавие ... в 2007 году, вып. 1
Сведения, относящиеся к заглавию библиографический указатель литературы
Первые сведения об ответственности ... Ред.-издат. отд.
Последующие сведения об ответственности [сост.: Вера Юрьевна Зоткина, библиограф, Тамара Ивановна Климова
-- ред.: Ольга Валерьевна Назарова]
210 ## - ПУБЛИКАЦИЯ, РАСПРОСТРАНЕНИЕ И ДР.
Дата издания, распространения и т.д. 2008
Место издания, распространения и т.д. Б. м.
215 ## - ФИЗИЧЕСКАЯ ХАРАКТЕРИСТИКА
Специфическое обозначение материала и объем 40 с.
320 ## - ПРИМЕЧАНИЯ О НАЛИЧИИ В ДОКУМЕНТЕ БИБЛИОГРАФИИ / УКАЗАТЕЛЯ
Текст примечания Указатели: с. 33-39
461 #0 - УРОВЕНЬ НАБОРА
Встроенное поле 001RU\NLR\bibl\1360716
-- 2001#$aМетодические и библиографические материалы Волгоградской ОУНБ им. Горького, изданные...$v... в 2007 году, вып. 1
Системный номер (АБИС) связанной записи 932277
Место публикации Волгоград
Дата публикации 2003
Первые сведения об ответственности Волгогр. обл. универс. науч. б-ка им. Горького, Отд. краеведения
Имя издателя, распространителя и т.д. [б. и.]
Сведения, относящиеся к заглавию список литературы
Заглавие Методические и библиографические материалы Волгоградской ОУНБ им. Горького, изданные...
Номер тома ... в 2007 году, вып. 1
702 #1 - ИМЯ ЛИЦА - ВТОРИЧНАЯ ОТВЕТСТВЕННОСТЬ
Начальный элемент ввода Зоткина
Часть имени, кроме начального элемента ввода В. Ю.
Расширение инициалов личного имени Вера Юрьевна
Код отношения Составитель
702 #1 - ИМЯ ЛИЦА - ВТОРИЧНАЯ ОТВЕТСТВЕННОСТЬ
Код отношения Редактор
Материалы, к которым относится поле rus
Графика поля Кириллица
Начальный элемент ввода Назарова
Часть имени, кроме начального элемента ввода О. В.
Дополнения к именам, кроме дат краевед
Расширение инициалов личного имени Ольга Валерьевна
Идентификатор авторитетной/нормативной записи RU\NLR\auth\7756330
Системный номер авторитетной/нормативной записи 39262
801 #0 - ИСТОЧНИК ЗАПИСИ
Страна Российская Федерация
Организация NLR
Дата составления 20110118
Правила каталогизации RCR
801 #1 - ИСТОЧНИК ЗАПИСИ
Страна Российская Федерация
Организация NLR
Дата составления 20110118
942 ## - ДОПОЛНИТЕЛЬНЫЕ ЭЛЕМЕНТЫ ЗАПИСИ (АБИС)
Тип экземпляра АБИС Книга
980 ## - КОЛЛЕКЦИЯ
Название коллекции Национальная библиография
Экземпляры
Тип экземпляра Дата поступления Источник поступления Библиотека постоянного хранения Библиотека текущего хранения Место хранения Шифр хранения Штрих-код Статус экземпляра
Книга 18.01.2011 Дар РНБ (Московский) РНБ (Московский) Центральная справочная библиотека С 2009-5/22 1-903222